000 00432nam a2200169Ia 4500
008 210719s1907 xx 000 0 und d
041 _aeng
082 _a389/37
100 _aSHELDRAKE (T Swinborne) Ed
245 _aExporting and shipping
260 _aLondon
_bEducational Book Co. Ltd.
_c1907
300 _ax,324
_bHB
365 _cRs
650 _aExport Management
650 _aShipping
906 _aExporting ; shipping
999 _c211662
_d211662